000 00312nam a2200133Ia 4500
008 150301s2015 xx 000 0 und d
082 _a615.19
_bP09S
100 _aSIDDIQUI, ANUS .A
245 _aPHAARMACEUTICAL CHEMISTRY-|
260 _bBIRLA PUB
300 _a224
650 _aCHEMISTRY
942 _2ddc
_cBK
_01
999 _c7244
_d7244